| 000 | 00983cam a2200181 4500 | ||
|---|---|---|---|
| 001 | X113019 | ||
| 008 | 000000n2001 000 0 eng u | ||
| 035 | _a(Sirsi) u113019 | ||
| 245 | _aR v Thanet DC ex p Tapp and another | ||
| 260 | _c2001 | ||
| 490 |
_aProperty, Planning and Compensation Reports _v[2001] 81 P&CR 520-532(13) |
||
| 520 | _aQBD 6 July 2000. Town and country planning.Proposed change of use from military airfield to civilian airfield. Certificates for the lawfulness of proposed use issued. Potential for intensification of use when operated commercially. Whether error of law in failing to consider possibility of future intensification of use, Whether imposition of limitation on the certificates should have been considered [Taken from journal headnote] | ||
| 650 | _aR V THANET DC EX P TAPP AND ANOTHER | ||
| 650 | _aMATERIAL CHANGE OF USE | ||
| 650 | _aAIRFIELD | ||
| 690 | _aENVIRONMENTAL AND LAND CONSULTANCY-PLANNING AND DEVELOPMENT | ||
| 942 | _n0 | ||
| 999 |
_c67267 _d67267 |
||